000
00289nam a22001217a 4500
020
_a
0-85229-163-9
082
_a
030 GRE'H
100
_a
GALEN
_9
76486
245
_a
HIPPOCRATIC WAITING ON THE NATURAL FACULTIES
260
_a
CHICAGO
_b
WILLIAM BENTON
_c
1952
300
_a
V-10
942
_c
BK
999
_c
581877
_d
581877